Tilastot visalle Tunnista lintulaji kuvasta 3

Klikkaa tästä pelataksesi tätä visaa!

Yleistilastot

  • Tätä visaa on pelattu 161 kertaa
  • Keskiarvotulos 12 / 16

Vastaustilastot

Vastaus% Oikein
Laulujoutsen
99%
Sinisorsa
99%
Harakka
97%
Fasaani
96%
Mustarastas
92%
Naurulokki
92%
Merikotka
85%
Punarinta
83%
Kesykyyhky
71%
Koskikara
66%
Hippiäinen
63%
Tikli
61%
Isokoskelo
55%
Pyrstötiainen
55%
Harmaapäätikka
50%
Mustapääkerttu
43%

Tulosjakauma

Persentiili vastausten määrän mukaan

Jokaisen tuloksen saaneiden osuus

Tuloshistoriasi

Et ole pelannut tätä visaa